Распределение зооплактона по продольному профилю двух нарушенных малых рек бассейна верхней Волги; Экология; № 5

Bibliographische Detailangaben
Parent link:Экология/ Российская академия наук (РАН), Уральское отделение (УрО).— , 1996-.— 0367-0597
№ 5.— 2004.— С. 358-365
1. Verfasser: Крылов А. В.
Sprache:Russisch
Veröffentlicht: 2004
Schlagworte:
Format: Buchkapitel
KOHA link:https://koha.lib.tpu.ru/cgi-bin/koha/opac-detail.pl?biblionumber=458470

MARC

LEADER 00000naa2a2200000 4500
001 458470
005 20231101085011.0
035 |a (RuTPU)RU\TPU\prd\122157 
035 |a RU\TPU\prd\40009 
090 |a 458470 
100 |a 20111012a2004 k y0rusy50 ca 
101 0 |a rus 
102 |a RU 
200 1 |a Распределение зооплактона по продольному профилю двух нарушенных малых рек бассейна верхней Волги  |f А. В. Крылов 
320 |a Библиогр.: 11 назв. 
461 0 |0 (RuTPU)RU\TPU\prd\469  |x 0367-0597  |t Экология  |f Российская академия наук (РАН), Уральское отделение (УрО)  |d 1996- 
463 0 |0 (RuTPU)RU\TPU\prd\122151  |t № 5  |v С. 358-365  |d 2004 
610 1 |a зоопланктон 
610 1 |a количественное обилие 
610 1 |a трофические структуры 
610 1 |a речной континуум 
610 1 |a динамика пятен 
675 |a 574.583  |v 3 
700 1 |a Крылов  |b А. В. 
801 1 |a RU  |b 63413507  |c 20051130  |g PSBO 
801 2 |a RU  |b 63413507  |c 20111012  |g RCR 
942 |c BK